000 00452nam a22001697a 4500
003 PILC
005 20150112093448.0
008 131019t xxu||||| |||| 00| 0 eng d
020 _a9780566087691
050 _aT 56.8
_b.L6 2007
100 _aLock, Dennis
_920952
245 _aProject management /
_cDennis Lock.
250 _a9th ed.
260 _aEngland ;
_bGower Publishing limited ,
_xyz2007.
300 _a520 pages :
_c26 cm.
942 _2lcc
_cBK
999 _c15012
_d15012